Statistics for Country Neighbour Connect: Last Alphabetically, starting with World's Last in Alphabetical Order

Click here to take the quiz!

General Stats

  • This quiz has been taken 54 times
  • The average score is 114 of 154

Answer Stats

COUNTRY % Correct
Zimbabwe
100%
Uganda
97%
Tanzania
97%
Zambia
97%
Algeria
95%
Tunisia
95%
Niger
95%
South Sudan
95%
Libya
95%
Sudan
95%
Republic of the Congo
92%
Rwanda
92%
Central African Republic
92%
Burundi
92%
Chad
92%
Nigeria
92%
Mali
90%
Spain
90%
Mauritania
90%
Morocco
90%
Gabon
90%
Equatorial Guinea
90%
Democratic Republic of the Congo
90%
Cameroon
90%
Switzerland
87%
Liechtenstein
87%
France
87%
Portugal
87%
Ireland
87%
Austria
87%
Russia
87%
Hungary
87%
Slovakia
87%
Poland
87%
Angola
87%
United Kingdom
87%
Namibia
87%
Benin
87%
Togo
87%
Botswana
87%
Lesotho
87%
Malawi
87%
Ghana
87%
Côte d'Ivoire
87%
South Africa
87%
Ukraine
87%
Senegal
87%
Swaziland
87%
Mozambique
87%
Italy
85%
San Marino
85%
Slovenia
85%
Vatican City
85%
Turkey
82%
Syria
82%
Lebanon
82%
Afghanistan
82%
Kyrgyzstan
82%
Uzbekistan
82%
Tajikistan
82%
Israel
82%
Turkmenistan
82%
Saudi Arabia
82%
Kuwait
82%
Iraq
82%
Egypt
82%
Qatar
82%
United Arab Emirates
82%
Yemen
82%
Oman
82%
Jordan
82%
Kazakhstan
82%
China
82%
Vietnam
82%
Laos
82%
South Korea
82%
North Korea
82%
Iran
82%
Sweden
82%
Finland
82%
Thailand
82%
Norway
82%
India
82%
Pakistan
82%
Malaysia
82%
Cambodia
82%
Burma
82%
Papua New Guinea
82%
East Timor
82%
Indonesia
82%
Brunei
82%
Greece
79%
Montenegro
77%
Kosovo
77%
Albania
77%
Bosnia and Herzegovina
77%
Moldova
77%
Macedonia
77%
Bulgaria
77%
Serbia
77%
Romania
77%
Croatia
72%
Armenia
69%
Azerbaijan
69%
Georgia
69%
Bangladesh
64%
Bhutan
64%
Nepal
64%
Estonia
59%
Latvia
59%
Belarus
59%
Lithuania
59%
Mongolia
59%
Czech Republic
54%
Luxembourg
54%
Denmark
54%
Germany
54%
Belgium
54%
Netherlands
54%
Guatemala
49%
Honduras
49%
Panama
49%
Mexico
49%
Nicaragua
49%
El Salvador
49%
Andorra
49%
Argentina
49%
Belize
49%
Canada
49%
United States
49%
Costa Rica
49%
Colombia
49%
Venezuela
49%
Guyana
49%
Uruguay
49%
Peru
49%
Suriname
49%
Ecuador
49%
Paraguay
49%
Bolivia
49%
Chile
49%
Brazil
49%
Monaco
46%
Somalia
44%
Ethiopia
44%
Kenya
44%
Djibouti
44%
Sierra Leone
44%
Guinea-Bissau
44%
Guinea
44%
Liberia
44%
Gambia
44%
Eritrea
41%
Burkina Faso
38%

Score Distribution

Percentile by Number Answered

Percent of People with Each Score

Your Score History

You have not taken this quiz